| 000 | 01909nam a2200349 a 4500 | ||
|---|---|---|---|
| 001 | BRCA_2707 | ||
| 005 | 20190320203931.0 | ||
| 008 | 031208s1889----sp-a---###---#000-0dspa-u | ||
| 041 | _aspa | ||
| 044 | _asp | ||
| 084 |
_a212 _b.J84 _c1889 |
||
| 100 | 1 |
_aCervantes Saavedra, Miguel de _d1547-1616 _9213 |
|
| 245 | 1 | 0 |
_aEl Ingenioso Hidalgo Don Quijote de la Mancha _ccompuesto por Miguel de Cervantes Saavedra. |
| 260 |
_aMadrid _bAgustín Jubera _c1889 |
||
| 300 |
_a541 p. _bil. _c29 cm. |
||
| 500 | _aContenido : Primera parte. Dedicatoria del autor. Nota del editor. Retrato de Cervantes. Prólogo del autor. Versos preliminares. Texto. Segunda parte. Dedicatoria del autor. Prólogo del autor. Vida de Cervantes por J. M. Quintana y El Buscapié con sus notas. Prólogo de A. de Castro | ||
| 500 | _aEdición : Novísima edición con notas historicas, críticas y gramaticales de la Academia Española, Pellice, Arrieta, Clemencín, Cuesta, Janer, etc. Aumentada con El Buscapié anotado por D. Adolfo de Castro y el retrato del autor grabado en acero | ||
| 500 | _aReimpresión de la edición de 1887 del mismo editor. Portada a dos tintas. Rústica. La cubierta está rota Lúdovik Osterc | ||
| 500 | _aEstado físico : Encuadernación en papel extremadamente deteriorado | ||
| 500 | _aCon ex-libris de : Sello de Biblioteca Callico | ||
| 500 | _aIncluye índice : De láminas (p. 541) | ||
| 500 | _aWM1004(?) | ||
| 650 | 1 | 4 |
_aNovela española _yÉpoca clásica, 1500-1700 _9215 |
| 650 | 1 | 4 |
_aLiteratura española _yÉpoca clásica, 1500-1700 _9216 |
| 650 | 1 | 4 |
_aNovela española _ySiglo XVII _9217 |
| 650 | 1 | 4 |
_aDon Quijote (Personaje ficticio) _eNovela _9218 |
| 700 | 1 |
_aQuintana, José Manuel _d1772-1857 _eBiógrafo _97655 |
|
| 700 | 1 |
_aCastro y Rossi, Adolfo de _d1823-1898 _eAnotador _97656 |
|
| 740 | 0 | _aEl Ingenioso Hidalgo Don Quijote de la Mancha | |
| 902 | _aQFM | ||
| 942 |
_2lcc _cB |
||
| 999 |
_c2447 _d2447 |
||